00824nam a2200205 a 450000100100000000500170001000800410002704000250006804100080009310000260010124500740012726000500020130000210025159000680027250000290034050400300036950000320039995201700043199900170060100004591320201002052523.0150527s1993 xxu 000 0 spa d aDO-SdBNPbspacBNPHU17aeng1 aCharmley, John97398310aChurchil: the end of glory :ba political biography /cJohn Charmley. aNew York, :bHarcourt brace & company,c1993. a742 p. ;c25 cm. aPerteneció a la biblioteca personal de Germán Emilio Ornes. aIncluye notas p: 650-701 aBibliografía p: 702-720 aIncluye índice p: 721-742 001050718MOaGRbGRcCTd2015-05-28iLF1l0o p45913-10r2020-06-25w2020-06-25y1zPerteneció a la biblioteca personal de Germán Emilio Ornes.ZNo se presta c45402d45402